00958cam a22003017a 4500003000500000005001700005008004100022010001000063011001000073035001000083040000900093090001700102100002500119245003400144260006100178300001000239490001500249590004100264590004200305650002900347790003900376830002200415901000700437942000900444949005100453999001700504952013500521CHAP20220329140823.0971013s1962 r 00010 d a58125 a59097 a63254 cCHAP aFolleto 704200aSmith, L. P.910706713aEl tiempo y la alimentación aGinebra :bOrganización Meteorológica Mundial,c1962 a80 p. 0aOMMv; 113 aBATCH-UPDb10c20130110lUCH01h1746 aCONVERSIONb10c20130109lUCH01h133114aCultivos y clima.930392 aCampaña Mundial contra el Hambre0 aOMMv; 113983285 aBK cFOLL aFolleto 7042bBCcFOLLd-135896eTS1i63254si c58125d58125 00102local4051708FOLLaBCbBCcPA_FOLLETOSd2012-12-17fFOLLl0oFolleto 7042p-135896r2019-12-31 00:00:00w2012-12-17yFOLL